000 01256nam a22002537a 4500
005 20090602160714.0
008 081208t xxu||||| |||| 00| 0 hin d
010 _aHIN-86777
020 _a99788190694711
_c250.00
035 _aHN-59123
037 _bDBAD / PUB
040 _adpl
_bhn
082 _a
100 _aगजेन्द्र सिंह
245 _aशरलॉक होम्स के सर्वश्रेष्ठ कारनामे /
_cगजेन्द्र सिंह
246 _aSharlock Homes ke sarvshrestha kaarnaame
_bby Gajendra Singh
260 _aलखनऊ
_bदिव्यांश पब्लिकेशन्स
_c2009
270 _aएम.आई.जी.222, फेज-1 एल.डीए. टिकैतराम कॉलोनी
_bलखनऊ
_e226017
_k09415185960
300 _a190पृ.
_c22सेमी (सजिल्द)
650 _aलघु कथाएँ, अंग्रेजी
650 _aShort stories, English
942 _2ddc
_cHN
_mगजेन्द्र
_h
999 _c27153
_d27153